000 00616nam a22002057a 4500
003 DO-SdBNP
005 20171130102329.0
008 171113b 1968 sp ||||| |||| 00| 0 spa d
040 _aBPMSU
_bspa
_cBPMSU
092 _axxxx
_bxxxx
100 1 _aAzcárate, Pablo de
245 1 0 _aLa guerra del 98 /
_cPablo de Azcárate.
260 _aMadrid :
_bAlianza,
_c1968.
300 _a219 p. ;
_c20 cm.
490 1 _aEl Libro de bolsillo.
_aHumanidades
_v145
830 0 _aEl Libro de bolsillo.
_aHumanidades
_v145
942 _2ddc
_cBK
945 _aInventariado 2017 /LP
956 _aLOPEREZ
_b10
_c20171113
_d0041
999 _c12863
_d12863